00684nam a22002057a 450000500170000001000130001702000220003003500130005203700160006504000120008108200170009310000260011024500950013626000460023127000460027730000280032350000500035165000270040165000500042820170124110011.0 aA-821004 c00.00a8171008232 aA-821004 bCen Lib/Ret aDPLbEN a342.085bSHE aSheeraz Latif A. Khan aJustice bhagwati on fundamental rights and directive priciples /cby Sheeraz Latif A. Khan aNew DelhibDeep & Deep Publicationsc1996 bNew DelhiaD-1/24, Rajouri Gardene110027 axiii, 226p. :c18cm(Hb) aIncludes bibliographical references and index aCivil rights -- India. aCriminal justice, Administration of -- India.